Čo prináša nový devízový zákon

Komentár k devízovému zákonu č.202/1995 Z.z. Zásady uplatnené pri koncipovaní nového devízového zákona. Hlavné charakteristiky predchádzajúceho a súčasného devízového zákona.

Gespeichert in:
Bibliographische Detailangaben
1. Verfasser: Ancsinová, A.
Format: Buchkapitel
Sprache:Slowakisch
Schlagworte:
Tags: Tag hinzufügen
Keine Tags, Fügen Sie das erste Tag hinzu!

MARC

LEADER 00000naa a2200000 4500
001 r020110
005 20230811094804.1
041 0 |a slo 
044 |a SK 
245 1 0 |a Čo prináša nový devízový zákon  |c A. Ancsinová 
520 |a Komentár k devízovému zákonu č.202/1995 Z.z. Zásady uplatnené pri koncipovaní nového devízového zákona. Hlavné charakteristiky predchádzajúceho a súčasného devízového zákona. 
610 2 0 |a zákony 
610 2 0 |a Slovensko 
610 2 0 |a 1995 
610 2 0 |a devízy 
610 2 0 |a politika devízová 
100 1 |a Ancsinová, A.